000
00266nam a2200097Ia 4500
008
220204s9999 xx 000 0 und d
082
_a
954
_b
EIG
245
0
_a
Eighteenth year of freedom, 1964-65
260
_a
New Delhi
_b
All India Congress Committee
_c
1964
942
_c
BK
999
_c
20726
_d
20726